El desarrollo económico y la integración
Uloženo v:
| Hlavní autor: | |
|---|---|
| Médium: | Kniha |
| Jazyk: | španělština |
| Vydáno: |
Ciudad de México
CEMLA
1965
|
| Edice: | Conferencias
|
| Témata: | |
| Tagy: |
Přidat tag
Žádné tagy, Buďte první, kdo vytvoří štítek k tomuto záznamu!
|
MARC
| LEADER | 00000nam a2200000 a 4500 | ||
|---|---|---|---|
| 001 | UCT8577 | ||
| 003 | CL-VaPUC | ||
| 008 | 970326e19650000MX |||||||||||||||||spa|d | ||
| 082 | 0 | 4 | |a 338.9 |b BAL |2 21 |
| 100 | 0 | |a Balassa, Bela A |e author |9 380368 | |
| 245 | 1 | 3 | |a El desarrollo económico y la integración |
| 300 | |a 151 p | ||
| 942 | |c BK | ||
| 945 | |d 19970326 00:00:00 |a paguirre | ||
| 260 | |a Ciudad de México |b CEMLA |c 1965 | ||
| 650 | 0 | |a Desarrollo económico y social |9 256320 | |
| 650 | 0 | |a Crecimiento económico |9 314037 | |
| 650 | 0 | |a Integración económica |9 255024 | |
| 650 | 7 | |a UNION ADUANERA |2 CL-VaPUC |9 380369 | |
| 650 | 0 | |a Comercio |9 255341 | |
| 650 | 0 | |a COOPERACION ECONOMICA |9 307939 | |
| 650 | 0 | |a Libre comercio |9 323018 | |
| 583 | |a last modification |c 19970326 00:00:00 |k Rodrigo Vera | ||
| 490 | 0 | |a Conferencias | |
| 999 | |c 257066 |d 257064 | ||
| 952 | |0 0 |1 0 |4 0 |6 338_900000000000000_BAL_1965 |7 0 |8 A |9 280303 |a BIBDER |b BIBDER |d 2019-11-19 |i 1813242 |o 338.9 BAL 1965 |p 1813242 |r 2023-01-25 |w 2019-11-19 |y BK |k DER | ||